Selection of materials for the storage or display of museum objects /

محفوظ في:

المؤلف الرئيسي: Thickett, D. (Dorothy) (مؤلف)

مؤلف مشترك: British Museum.

مؤلفون آخرون: Lee, L. R.

التنسيق: كتاب

اللغة: English

منشور في: London : British Museum, 2004.

الطبعة: Rev. ed.

سلاسل: Occasional paper (British Museum) ; 111.

الموضوعات:

الوسوم: إضافة وسم

لا توجد وسوم, كن أول من يضع وسما على هذه التسجيلة!

رقم الطلب: N8555 .L44 1996, 2004

LEADER 01742namaa2200361 4500
001 25266
003 OSt
005 20220802092318.0
008 130303s2004 enka g b 000 0 eng d
952 |0 0  |1 0  |2 lcc  |4 0  |6 N8555 L44 01996, 02004  |7 1  |9 59912  |a ARCE  |b ARCE  |d 2024-01-24  |l 0  |o N8555 .L44 1996, 2004  |p 1001153  |r 2024-01-24 00:00:00  |w 2024-01-24  |y BK 
999 |c 21216  |d 21216 
020 |a 0861591178 
020 |a 9780861591176 
040 |c ARCE Library 
043 |a e-uk--- 
050 4 |a N8555 .L44 1996, 2004 
100 1 |a Thickett, D. (Dorothy)   |e author  |9 41036 
245 1 0 |a Selection of materials for the storage or display of museum objects /   |c D. Thickett and L.R. Lee. 
250 |a Rev. ed. 
264 1 |a London :   |b British Museum,   |c 2004. 
300 |a 30 pages :   |b illustrations (some color) ;   |c 30 cm. 
490 1 |a Occasional paper / British Museum ;   |v 111. 
500 |a Library has also 1996 edition. 
504 |a Includes bibliographical references. 
505 0 |a •1. Why is Testing Necessary? •Accelerated corrosion in a museum environment •Effects of pollutants •Sources of pollutants •2. Test Methods •Introduction •Sampling •Selection of tests •Tests for potential to emit harmful Volatiles •Tests for materials to be used in direct contact with artefacts •Suppliers of chemicals and apparatus •3. Practical methods of Display and Storage •4. References  
650 0 |a Art objects  |z Great Britain  |x Storage. 
650 0 |a Art objects  |z Great Britain  |x Conservation and restoration. 
650 0 |a Museum conservation methods   |z Great Britain. 
700 1 |a Lee, L. R. 
710 2 |a British Museum. 
830 0 |a Occasional paper (British Museum) ;   |v 111. 
901 |a reviewed 
942 |c BK  |2 lcc